| 000 | 00702nam a22002417a 4500 | ||
|---|---|---|---|
| 003 | OSt | ||
| 005 | 20220107122848.0 | ||
| 008 | 190430b xxu||||| |||| 00| 0 eng d | ||
| 020 | _a9781786303264 | ||
| 040 | _cIIITMK | ||
| 082 | _a006.312 SED/D | ||
| 100 |
_aSedkaoui, Soraya _915393 |
||
| 245 |
_aData analytics and big data _cSoraya Sedkaoui |
||
| 260 |
_aLondon, _bISTE Ltd., _c2018. |
||
| 300 | _axxvii, 184p. | ||
| 440 |
_aInformation systems, web and pervasive computing series _915394 |
||
| 650 |
_aCOMPUTER SCIENCE _915663 |
||
| 650 |
_aBIG DATA ANALYTICS _915664 |
||
| 650 |
_aDATA ANALYTICS _915665 |
||
| 650 |
_aBIG DATA _915666 |
||
| 650 |
_aMACHINE LEARNING _915667 |
||
| 942 |
_2ddc _cBK |
||
| 999 |
_c6419 _d6419 |
||